000 00638nam a2200193Ia 4500
003 GCL
008 140319s9999 xx 000 0 ara d
040 _aGCL /
_cGCL
082 0 4 _a922.581
_bم ا
100 1 _aمصطفى الشكعة
245 1 0 _aالامام الاعظم ابو حنيفة النعمان /
_cمصطفى الشكعة
260 _aالقاهرة :
_bدار الكتب الاسلامية ،
_c1983
300 _a286 ص ؛
_c24 سم
490 _aالائمة الاربعة
_v1
650 0 4 _aالاسلام
650 0 4 _aالفقه الاسلامى
650 0 4 _aالائمة والاولياء
942 _2ddc
_cBK
999 _c29630
_d29630